01495cam a2200325 4500001001300000003000400013005001700017008004100034010001700075025001900092040001800111043001200129050002100141082001100162110005000173245015600223260004400379300001800423500005500441500011600496500016500612650003600777610005000813650004300863650004100906710013100947710003101078700003701109700002301146sa 68012364 DLC20260227112609.0751120m19559999ii bc 000 0 eng  asa 68012364  aPL480:I-E-7509 aDLCcDLCdDLC aa-ii---00aZ5360b.I53 195500a016.582 aIndian Museum.bIndustrial Section.bLibrary.10aAuthor catalogue of the books in the library of the Industrial Section, Indian Museum, Calcutta.cCompiled by K. S. Srinivasan, curator, and A. C. Roy. aDelhi,bManager of Publications,c1955- av.c20-22 cm. aAt head of title: v. 1, Botanical Survey of India. aVol. 2 compiled by K. S. Srinivasan, Curator, and A. R. Das; with imprint: Botanical Survey of India, Calcutta. aVol. 2, issued as no. 4 in the union series of catalogues published under title: Catalogue of the collections in the libraries of the Botanical Survey of India. 0aBotanyvBibliographyvCatalogs.20aIndian Museum.bIndustrial Section.bLibrary. 0aBotanyzIndiavBibliographyvCatalogs. 0aAgriculturevBibliographyvCatalogs.2 aBotanical Survey of India.tCatalogue of the collections in the libraries of the Botanical Survey of India, no. 4, April 1962.2 aBotanical Survey of India.1 aSrinivasan, K. S.,d1912-ecomp.1 aRoy, A. C.,ecomp.